Statistics for Countries Bordering Hungary- Map Quiz

Click here to take the quiz!

General Stats

  • This quiz has been taken 467 times
  • The average score is 6 of 7

Answers on the Map

Answers color-coded by a green-red scale on the quiz's map according to % correct below.
 

Answer Stats

Answer% Correct
Austria
92%
Serbia
92%
Slovakia
92%
Ukraine
92%
Romania
90%
Croatia
87%
Slovenia
87%

Score Distribution

Percentile by Number Answered

Percent of People with Each Score

Your Score History

You have not taken this quiz